[Event "1st IBCA European Team Chess Championship"]
[Site "Warsaw"]
[Date "1899-12-30"]
[Round "2.9"]
[White "Tazbir, Marcin"]
[Black "Rositsan, Boris"]
[Result "1-0"]
[WhiteTitle "GM"]
[BlackTitle "FM"]
[WhiteElo "2524"]
[BlackElo "2091"]

1. c4 b6 2. Nc3 Bb7 3. d4 e6 4. d5 Bb4 5. Qb3 Bxc3+ 6. Qxc3 Qf6 7. Bd2 exd5 8.
cxd5 Bxd5 9. Qxc7 Na6 10. Qc3 Bb7 11. Nf3 Rc8 12. Qd4 Nc5 13. Qxf6 Nxf6 14. Nd4
O-O 15. Nf5 Rfe8 16. e3 Nce4 17. f3 Nxd2 18. Kxd2 Rc5 19. Nd4 Rce5 20. Re1 d5
21. Bb5 R8e7 22. g4 Rc7 23. Rc1 Rxc1 24. Rxc1 Kf8 25. g5 Ne8 26. f4 Re4 27. Bxe8
Rxe8 28. Rc7 Re7 29. Rxe7 Kxe7 30. Nf5+ Kf8 31. Kc3 Bc8 32. Nd6 Be6 33. Kd4 g6
34. Nb5 Ke7 35. Ke5 d4 36. exd4 Bxa2 37. Nxa7 Bc4 38. Nc8+ 1-0

[Event "1st IBCA European Team Chess Championship"]
[Site "Warsaw"]
[Date "1899-12-30"]
[Round "2.10"]
[White "Grybas, Gintaras"]
[Black "Mackowiak, Marek"]
[Result "0-1"]
[WhiteTitle ""]
[BlackTitle ""]
[WhiteElo "2012"]
[BlackElo "2161"]

1. d4 g6 2. c4 d6 3. Nc3 Bg7 4. Nf3 Nf6 5. g3 O-O 6. Bg2 Nbd7 7. O-O e5 8. e3 c6
9. b3 exd4 10. Nxd4 Nb6 11. Bb2 d5 12. cxd5 Nfxd5 13. Rc1 Nxc3 14. Bxc3 Nd5 15.
Ba1 Qa5 16. Bxd5 Qxd5 17. Qf3 Qg5 18. h4 Qe7 19. h5 Qg5 20. Kg2 Bg4 21. Qf4 Qxf4
22. exf4 Rad8 23. f3 Bc8 24. Rfd1 gxh5 25. Ne2 Rxd1 26. Rxd1 Bxa1 27. Rxa1 Rd8
28. Kf2 Bf5 29. Ke3 Rd3+ 30. Kf2 Kg7 31. b4 Be6 32. a3 Bd5 33. Ng1 Rd2+ 34. Ke3
Rb2 35. f5 Kf6 36. Kf4 Rc2 37. g4 hxg4 38. fxg4 h6 39. Nh3 Rc3 40. Ng1 b6 0-1

[Event "1st IBCA European Team Chess Championship"]
[Site "Warsaw"]
[Date "1899-12-30"]
[Round "2.11"]
[White "Czajkowski, Adam"]
[Black "Novikovas, Anatolijus"]
[Result "1-0"]
[WhiteTitle ""]
[BlackTitle ""]
[WhiteElo "2151"]
[BlackElo "1856"]

1. e4 c5 2. Nf3 e6 3. d4 cxd4 4. Nxd4 Qb6 5. Nc3 Bc5 6. Na4 Qa5+ 7. c3 Bxd4 8.
Qxd4 Nf6 9. Nc5 Nc6 10. Qd6 b6 11. Nb3 Qe5 12. Qxe5 Nxe5 13. f4 Nc6 14. e5 Ne4
15. Bd3 d5 16. Bxe4 dxe4 17. Nd2 O-O 18. Nxe4 Ba6 19. b3 Rfd8 20. Bd2 Ne7 21.
O-O-O Bb7 22. Rhe1 Nf5 23. g4 Nh4 24. Re3 Ng2 25. Re2 Nh4 26. Be1 Rxd1+ 27. Kxd1
Ng6 28. Bg3 Ne7 29. Kc2 Nd5 30. Nd6 Ba6 31. c4 h6 32. a3 Nc7 33. Bf2 b5 34. Kd3
bxc4+ 35. bxc4 Nd5 36. Re4 Ne7 37. Re1 Nc6 38. Rb1 f6 39. Ke4 fxe5 40. fxe5 Rf8
41. Bc5 g5 42. Be3 Kg7 43. h4 gxh4 44. Rh1 Kg6 45. Rxh4 Rh8 46. g5 h5 47. Rf4
h4 48. Rf6+ Kg7 49. Rxe6 h3 50. g6 Rh4+ 51. Bf4 Rg4 52. Nf5+ Kf8 53. g7+ Kf7 54.
Rf6+ Ke8 55. e6 Kd8 56. Rf8# 1-0

[Event "1st IBCA European Team Chess Championship"]
[Site "Warsaw"]
[Date "1899-12-30"]
[Round "2.12"]
[White "Slusnys, Evaldas"]
[Black "Suder, Ryszard"]
[Result "0-1"]
[WhiteTitle ""]
[BlackTitle ""]
[WhiteElo "1888"]
[BlackElo "2142"]

1. e4 c6 2. d4 d5 3. Nc3 dxe4 4. Nxe4 Nf6 5. Nxf6+ gxf6 6. Nf3 Bf5 7. Bd3 Bxd3
8. Qxd3 e6 9. c4 Nd7 10. Bd2 Qc7 11. Bc3 O-O-O 12. O-O-O h5 13. Kb1 h4 14. Rhe1
Rh5 15. Qe2 Qf4 16. g3 hxg3 17. fxg3 Qg4 18. Nh4 Qxe2 19. Rxe2 Bg7 20. Kc2 Nb6
21. b3 f5 22. Nf3 Bf6 23. Ba5 Rd7 24. h4 Rh8 25. Ne5 Bxe5 26. Rxe5 Rg8 27. Be1
Rdd8 28. Bf2 Nd7 29. Ra5 a6 30. d5 cxd5 31. cxd5 Nf6 32. dxe6 fxe6 33. Rc5+ Kb8
34. Be3 Nd5 35. Bg5 Rxg5 36. Rdxd5 Rxd5 37. Rxd5 Rxg3 38. Re5 Rg6 39. Kd3 Kc7
40. Re3 Kd6 41. h5 Rh6 42. Rh3 e5 43. Rh2 Ke6 44. Kc4 f4 45. a4 Kf5 46. Kd5 f3
0-1

[Event "1st IBCA European Team Chess Championship"]
[Site "Warsaw"]
[Date "1899-12-30"]
[Round "2.14"]
[White "Donmez, Unal"]
[Black "Prpic, Milan"]
[Result "1-0"]
[WhiteTitle ""]
[BlackTitle ""]
[WhiteElo "1827"]
[BlackElo "1834"]

1. e4 c5 2. d4 cxd4 3. c3 dxc3 4. Nxc3 Nc6 5. Nf3 d6 6. Bc4 a6 7. O-O e6 8. Qe2
Be7 9. Rd1 Qc7 10. Bf4 Ne5 11. Bb3 Bd7 12. Rac1 Bc6 13. Nd5 Qb8 14. Nb6 Ra7 15.
Nd4 Nf6 16. Bxe5 dxe5 17. Nxc6 bxc6 18. Rxc6 O-O 19. Qc4 h6 20. Nc8 Rb7 21. Nxe7+
Rxe7 22. Rxa6 Rc7 23. Rc6 Rb7 24. f3 Rd7 25. Rxd7 Nxd7 26. Rc7 Qb6+ 27. Kf1 Nf6
28. Qc5 Qb8 29. Qxe5 Rd8 30. Qc5 Nd7 31. Qa7 Qxa7 32. Rxa7 Nc5 33. Bc4 Rd1+ 34.
Ke2 Rd4 35. Ra8+ Kh7 36. b3 Nb7 37. e5 Nc5 38. a4 Rh4 39. h3 Nd7 40. Ra5 Nb6 41.
Bd3+ g6 42. Be4 Kg7 43. Rb5 Nd7 44. a5 1-0

[Event "1st IBCA European Team Chess Championship"]
[Site "Warsaw"]
[Date "1899-12-30"]
[Round "2.17"]
[White "Van Loy, Rick"]
[Black "Pawelec, Bartosz"]
[Result "1/2-1/2"]
[WhiteTitle ""]
[BlackTitle ""]
[WhiteElo "1899"]
[BlackElo "2116"]

1. e4 c6 2. Nc3 d5 3. Nf3 d4 4. Ne2 c5 5. c3 Nc6 6. cxd4 cxd4 7. Qa4 b5 8. Qxb5
Bd7 9. Nexd4 Nxd4 10. Nxd4 Nf6 11. Qe5 Ng4 12. Qg3 Qb6 13. Nf5 Nf6 14. f3 g6 15.
Ne3 Bh6 16. Nc4 Qb4 17. Qe5 O-O 18. Qc3 Qb7 19. d4 Nxe4 20. fxe4 Qxe4+ 21. Kf2
Bg7 22. Be3 Rac8 23. Be2 Bc6 24. Bf3 Qh4+ 25. Ke2 e5 26. Bf2 Qe7 27. dxe5 Bb5
28. b3 Bxe5 29. Qe3 Rxc4 30. bxc4 Bxc4+ 31. Kd1 Rd8+ 32. Kc2 Bd3+ 33. Kd1 Ba6+
34. Kc2 Bd3+ 35. Kd1 Ba6+ 36. Kc2 Bd3+ 37. Kd1 Ba6+ 38. Kc2 1/2-1/2

[Event "1st IBCA European Team Chess Championship"]
[Site "Warsaw"]
[Date "1899-12-30"]
[Round "2.18"]
[White "Chojnowski, Marcin"]
[Black "Harnandan, Sergio"]
[Result "1-0"]
[WhiteTitle ""]
[BlackTitle ""]
[WhiteElo "1983"]
[BlackElo "1897"]

1. e4 c5 2. Nf3 Nc6 3. Bb5 g6 4. O-O Bg7 5. Bxc6 bxc6 6. Re1 e5 7. d3 Ne7 8. Nbd2
d6 9. Nc4 O-O 10. h3 h6 11. a3 Be6 12. b4 cxb4 13. axb4 f5 14. Qe2 fxe4 15. dxe4
Rxf3 16. gxf3 d5 17. exd5 Nxd5 18. Nxe5 Bxh3 19. Qc4 Kh7 20. Ra3 Rc8 21. Rxa7
Qb6 22. Rxg7+ Kxg7 23. Qh4 Bf5 24. Qxh6+ Kg8 25. Nxg6 Qxb4 26. Bd2 1-0

[Event "1st IBCA European Team Chess Championship"]
[Site "Warsaw"]
[Date "1899-12-30"]
[Round "2.19"]
[White "Van Duuren, Louis"]
[Black "Barnowski, Sylwester"]
[Result "1/2-1/2"]
[WhiteTitle ""]
[BlackTitle ""]
[WhiteElo "1890"]
[BlackElo "1889"]

1. e4 Nf6 2. e5 Nd5 3. d4 d6 4. f4 g6 5. c4 Nb6 6. Nf3 Bg7 7. Bd2 Bg4 8. h3 Bxf3
9. Qxf3 Nc6 10. Bc3 d5 11. c5 Nc8 12. b4 e6 13. Bd3 a6 14. O-O O-O 15. Na3 N8e7
16. Nc2 Nf5 17. g4 Nfe7 18. Qe3 Qd7 19. Rae1 b6 20. Re2 Nd8 21. Rg2 f5 22. exf6
Rxf6 23. Qg3 a5 24. h4 Rf7 25. bxa5 bxc5 26. h5 c4 27. hxg6 hxg6 28. Be2 Ndc6
29. Qe1 Raf8 30. Rgf2 Bf6 31. Rh2 Rh7 32. Rxh7 Kxh7 33. Kg2 Rh8 34. g5 Bg7 35.
Bg4 Nf5 36. Bxf5 exf5 37. Rf3 Kg8 38. Re3 Kf7 39. Nb4 Na7 40. Na6 Nc6 41. Nc5
Qc8 42. Ne6 Re8 43. Nxg7 Rxe3 44. Qxe3 Kxg7 45. a3 Kf7 46. Kf2 Qh8 47. Ke2 Qh2+
48. Kd1 Qh1+ 49. Kc2 Qh8 1/2-1/2

[Event "1st IBCA European Team Chess Championship"]
[Site "Warsaw"]
[Date "1899-12-30"]
[Round "2.20"]
[White "Zarow, Zdzislaw"]
[Black "Gundogmus, Alaettin"]
[Result "1-0"]
[WhiteTitle ""]
[BlackTitle ""]
[WhiteElo "1849"]
[BlackElo "1590"]

1. e4 e5 2. Bc4 Nf6 3. Nc3 Bb4 4. Nf3 d6 5. h3 h6 6. d3 O-O 7. Bd2 Be6 8. Bb3 a6
9. O-O Nc6 10. a3 Bc5 11. Ne2 Qd7 12. Kh2 Ne7 13. Bxe6 fxe6 14. Ng3 Ng6 15. c3
Ba7 16. d4 exd4 17. cxd4 Qb5 18. Qc1 Kh7 19. a4 Qd7 20. Ra3 c6 21. b4 d5 22. e5
Ne4 23. Be3 Nxg3 24. fxg3 Qe7 25. Qb1 Qe8 26. h4 Kh8 27. Qc1 Kh7 28. h5 Ne7 29.
g4 Bb6 30. Ra2 Bd8 31. Raf2 Ng8 32. Ng5+ Bxg5 33. Rxf8 Qxf8 34. Rxf8 Rxf8 35.
Bxg5 hxg5 36. Qxg5 Rf7 37. Qg6+ Kh8 38. Qxf7 1-0

[Event "1st IBCA European Team Chess Championship"]
[Site "Warsaw"]
[Date "1899-12-30"]
[Round "2.21"]
[White "Hilton, Stephen H"]
[Black "Nizam, Rasim"]
[Result "0-1"]
[WhiteTitle ""]
[BlackTitle "IM"]
[WhiteElo "1894"]
[BlackElo "2185"]

1. d4 Nf6 2. Nf3 e6 3. e3 b6 4. Bd3 Bb7 5. O-O d5 6. b3 Be7 7. Bb2 O-O 8. Nbd2
a5 9. Ne5 a4 10. c4 a3 11. Bc3 Nbd7 12. f4 g6 13. Rc1 c5 14. Ndf3 Ne4 15. Nxd7
Nxc3 16. Rxc3 Qxd7 17. cxd5 Qxd5 18. Bc4 Qe4 19. Qe2 cxd4 20. Nxd4 Bb4 21. Rc2
Bc5 22. Bd3 Qd5 23. Bc4 Qd6 24. Nb5 Qe7 25. Nc3 Rfd8 26. Na4 Be4 27. Rcc1 Bb4
28. Nc3 Bb7 29. Rfd1 Qf6 30. Na4 Ba5 31. Bb5 Rac8 32. Rxd8+ Rxd8 33. Rd1 Kg7 34.
Rxd8 Qxd8 35. Kf2 Qd5 36. Kf1 h5 37. Bc4 Qe4 38. Bd3 Qb4 39. Bb5 Bd5 40. Qd3 Qe1#
0-1

[Event "1st IBCA European Team Chess Championship"]
[Site "Warsaw"]
[Date "1899-12-30"]
[Round "2.22"]
[White "Todorov, Aleksandar"]
[Black "Armstrong, William G"]
[Result "1-0"]
[WhiteTitle ""]
[BlackTitle ""]
[WhiteElo "1951"]
[BlackElo "1839"]

1. e4 c5 2. c3 g6 3. d4 cxd4 4. cxd4 d5 5. e5 Bg7 6. Nf3 Bg4 7. Nc3 Bxf3 8. Qxf3
e6 9. Be3 Ne7 10. Bd3 O-O 11. O-O f6 12. exf6 Bxf6 13. Qg4 Qd7 14. Rfe1 Nf5 15.
Bxf5 exf5 16. Qf3 Rd8 17. Rad1 Nc6 18. g3 Qf7 19. h4 Ne7 20. Bf4 a6 21. Be5 Bg7
22. Bxg7 Kxg7 23. Re5 Rd7 24. Ne2 Nc6 25. Re3 Re8 26. Nf4 Re4 27. Rxe4 dxe4 28.
Qc3 Qf6 29. Qc4 Kh8 30. d5 Nd8 31. Qc8 Qd6 32. Ne6 Kg8 33. Nxd8 Rxd8 34. Qxb7
e3 35. Qb3 exf2+ 36. Kxf2 f4 37. Kg2 Rb8 38. Qc3 fxg3 39. b3 Rf8 40. Qxg3 Qxg3+
41. Kxg3 Kf7 42. Rd4 Rd8 43. Kf4 Kf6 44. Ra4 Rd6 45. Ke4 h6 46. Rc4 g5 47. hxg5+
hxg5 48. Rc1 Ke7 49. Ke5 Rh6 50. Rc7+ Kd8 51. Rc4 g4 52. Kf5 Rd6 53. Rxg4 Rxd5+
54. Ke6 Rh5 55. Kd6 Rh6+ 56. Kc5 Kc7 57. Rg7+ Kb8 58. Rd7 Kc8 59. Rd6 Rh5+ 60.
Kb6 a5 61. Rc6+ Kb8 62. Rc5 Rh6+ 63. Kxa5 Rh2 64. a4 1-0

[Event "1st IBCA European Team Chess Championship"]
[Site "Warsaw"]
[Date "1899-12-30"]
[Round "2.23"]
[White "Whittle, Les V"]
[Black "Georgiev, Yordan Kirilov"]
[Result "0-1"]
[WhiteTitle ""]
[BlackTitle ""]
[WhiteElo "1771"]
[BlackElo "1710"]

1. d4 d5 2. Nf3 Nf6 3. Bf4 c6 4. Nbd2 Bf5 5. c3 h6 6. h3 e6 7. Qb3 Qc8 8. e3 Nbd7
9. Be2 Be7 10. O-O O-O 11. c4 Nb6 12. a4 dxc4 13. Bxc4 Nbd5 14. Be5 Ne4 15. Rac1
Nb4 16. Nxe4 Bxe4 17. Nd2 Bd5 18. e4 Bxc4 19. Nxc4 Qd7 20. Rfd1 Rfd8 21. Qg3 f6
22. Bf4 Kh7 23. Rc3 Rac8 24. Ne3 g5 25. Bxg5 fxg5 26. Qg4 Rf8 27. h4 Rf4 0-1

[Event "1st IBCA European Team Chess Championship"]
[Site "Warsaw"]
[Date "1899-12-30"]
[Round "3.1"]
[White "Grigorchuk, Sergey"]
[Black "Babarykin, Stanislav"]
[Result "1/2-1/2"]
[WhiteTitle "CM"]
[BlackTitle "FM"]
[WhiteElo "2267"]
[BlackElo "2372"]

1. d4 f5 2. Nc3 Nf6 3. Bg5 d5 4. Bxf6 exf6 5. e3 Be6 6. Bd3 Qd7 7. Qf3 Nc6 8. a3
O-O-O 9. h3 g5 10. g3 h5 11. O-O-O h4 12. Nge2 Bg7 13. Rdg1 Ne7 14. Qg2 Rdg8 15.
f4 Bh6 16. Qf2 hxg3 17. Nxg3 gxf4 18. exf4 Kb8 19. Nh5 1/2-1/2

[Event "1st IBCA European Team Chess Championship"]
[Site "Warsaw"]
[Date "1899-12-30"]
[Round "3.2"]
[White "Meshkov, Yuri A."]
[Black "Tuka, Oleg"]
[Result "1/2-1/2"]
[WhiteTitle "IM"]
[BlackTitle "IM"]
[WhiteElo "2350"]
[BlackElo "2429"]

1. c4 Nf6 2. g3 c6 3. Nf3 d5 4. b3 Bf5 5. Bb2 e6 6. Bg2 Be7 7. O-O Nbd7 8. d3 h6
9. Nbd2 O-O 10. Rc1 Bh7 11. Rc2 a5 12. a3 Re8 13. Qa1 Bd6 14. cxd5 exd5 15. Nd4
Nc5 16. N2f3 Qb6 17. Qa2 Nfd7 18. Bc3 Ne6 19. Bh3 Nxd4 20. Bxd4 Qd8 21. Qb2 f6
22. Be3 Qe7 23. Ra1 Nf8 24. Nd4 Be5 25. f4 Bc7 26. Bf2 Bb6 27. Bg4 Bg6 28. Kg2
Ra6 29. Rb1 h5 30. Bf3 Ne6 31. Nxe6 Qxe6 32. Bxb6 Rxb6 33. Qc3 Qe7 34. Qc5 Rb5
35. Qa7 Qxa3 36. Qd4 Qb4 37. Qxb4 Rxb4 38. Ra2 Ra8 39. Rba1 Rb5 40. b4 Rxb4 41.
Rxa5 Rxa5 42. Rxa5 h4 43. Ra8+ Kf7 44. Rc8 hxg3 45. Rc7+ Kf8 46. Rc8+ Kf7 47.
Rc7+ Kg8 48. Rc8+ Kh7 49. hxg3 Rb2 50. Kf1 Bf5 51. Rc7 Kg8 52. g4 Be6 53. f5 Bf7
54. Rc8+ Kh7 55. Rc7 Kg8 56. Rc8+ Kh7 57. Rc7 Kg8 1/2-1/2

[Event "1st IBCA European Team Chess Championship"]
[Site "Warsaw"]
[Date "1899-12-30"]
[Round "3.3"]
[White "Shepelev, Igor"]
[Black "Pakhomov, Alexey"]
[Result "1/2-1/2"]
[WhiteTitle ""]
[BlackTitle "IM"]
[WhiteElo "2021"]
[BlackElo "2338"]

1. d4 d5 2. c4 Bf5 3. Qa4+ Nc6 4. Nc3 e6 5. Nf3 Bb4 6. Ne5 Nge7 7. a3 Bxc3+ 8.
bxc3 O-O 9. Nxc6 Nxc6 10. e3 a6 11. Be2 b5 12. cxb5 axb5 13. Qd1 Rb8 14. O-O Na5
15. a4 c6 16. axb5 cxb5 17. Ba3 Re8 18. Bb4 Nc4 19. Ra7 Qg5 20. Bxc4 bxc4 21.
Qf3 Ra8 22. Rfa1 Rxa7 23. Rxa7 Qg6 24. Qg3 Qxg3 25. hxg3 1/2-1/2

[Event "1st IBCA European Team Chess Championship"]
[Site "Warsaw"]
[Date "1899-12-30"]
[Round "3.4"]
[White "Suslov, Evgeniy"]
[Black "Kolpakov, Vladyslav"]
[Result "1-0"]
[WhiteTitle ""]
[BlackTitle ""]
[WhiteElo "2221"]
[BlackElo "1944"]

1. Nf3 c5 2. c4 g6 3. g3 Bg7 4. Bg2 Nc6 5. O-O e6 6. Nc3 Nge7 7. d3 O-O 8. Bg5
d5 9. Qc1 Qd7 10. Bh6 b6 11. Rd1 Bb7 12. Bxg7 Kxg7 13. cxd5 exd5 14. d4 c4 15.
Qf4 Rad8 16. h4 h5 17. Rac1 Qf5 18. Qd2 Nc8 19. Ng5 N6e7 20. e4 dxe4 21. Ncxe4
f6 22. Bh3 Qd5 23. Ne6+ Kf7 24. Nxd8+ Rxd8 25. Bg2 Kg7 26. f4 Qd7 27. Rxc4 Bxe4
28. Bxe4 Nd6 29. Qc2 Nxc4 30. Qxc4 Nc8 31. Bf3 Nd6 32. Qc6 Qxc6 33. Bxc6 Nf5 34.
d5 Nxg3 35. d6 Ne2+ 36. Kf2 Nxf4 37. d7 Kf7 38. Kg3 Ne6 39. Re1 Ng7 40. Re2 Nf5+
41. Kf2 Ng7 42. Kf3 f5 43. Kf4 Rf8 44. b4 Kf6 45. Re8 Ne6+ 46. Ke3 Kf7 47. Bd5
Rxe8 48. dxe8=Q+ Kxe8 49. Bxe6 1-0

[Event "1st IBCA European Team Chess Championship"]
[Site "Warsaw"]
[Date "1899-12-30"]
[Round "3.6"]
[White "Czajkowski, Adam"]
[Black "Donmez, Unal"]
[Result "1-0"]
[WhiteTitle ""]
[BlackTitle ""]
[WhiteElo "2151"]
[BlackElo "1827"]

1. e4 e5 2. Nf3 Nc6 3. Bb5 f5 4. d3 fxe4 5. dxe4 Nf6 6. Nc3 d6 7. O-O Bg4 8. h3
Bh5 9. Qd3 Be7 10. Ng5 Qd7 11. Nd5 a6 12. Ba4 b5 13. Ne6 Bd8 14. Bb3 Na5 15. a4
Nxb3 16. Qxb3 Be2 17. axb5 Bxf1 18. Kxf1 Rb8 19. Rxa6 Rxb5 20. Nexc7+ Bxc7 21.
Nxc7+ Qxc7 22. Qxb5+ Ke7 23. Rc6 Qd7 24. Qc4 Kd8 25. Bg5 Rf8 26. Qd5 Ke8 27. Qxd6
Qxd6 28. Rxd6 Nxe4 29. Rd8+ Kf7 30. Rxf8+ Kxf8 31. Be3 Ke7 32. c4 Kd6 33. b4 Kc6
34. Ke2 h6 35. Kd3 Nd6 36. b5+ Kc7 37. Bc5 Nb7 38. Bf8 Kb6 39. Ke4 1-0

[Event "1st IBCA European Team Chess Championship"]
[Site "Warsaw"]
[Date "1899-12-30"]
[Round "3.7"]
[White "Aksu, Mumin"]
[Black "Suder, Ryszard"]
[Result "0-1"]
[WhiteTitle ""]
[BlackTitle ""]
[WhiteElo "1781"]
[BlackElo "2142"]

1. e4 d6 2. d4 Nf6 3. Bd3 e5 4. c3 g6 5. Bg5 Bg7 6. Ne2 c6 7. O-O Qb6 8. Qb3 Be6
9. Qxb6 axb6 10. a3 Nbd7 11. f4 exf4 12. Nxf4 O-O 13. Nd2 b5 14. d5 cxd5 15. exd5
Nxd5 16. Nxd5 Bxd5 17. Be7 Rfe8 18. Bxd6 Re6 19. Bf4 Bc6 20. Rae1 Nc5 21. Rxe6
Nxe6 22. Be3 Rd8 23. Bc2 Bf8 24. Nb3 Re8 25. Kf2 Bd6 26. g3 h5 27. Re1 h4 28.
Nd4 Nxd4 29. cxd4 hxg3+ 30. hxg3 b4 31. a4 Ra8 32. Ra1 Bd5 33. Bd3 Re8 34. Bg5
f6 35. Bd2 0-1

[Event "1st IBCA European Team Chess Championship"]
[Site "Warsaw"]
[Date "1899-12-30"]
[Round "3.9"]
[White "Mueller, Oliver"]
[Black "Rositsan, Boris"]
[Result "1-0"]
[WhiteTitle "FM"]
[BlackTitle "FM"]
[WhiteElo "2266"]
[BlackElo "2091"]

1. d4 Nf6 2. c4 c5 3. d5 b5 4. Nf3 g6 5. cxb5 a6 6. b6 Qxb6 7. Nc3 Bg7 8. e4 d6
9. Be2 O-O 10. O-O Bg4 11. Nd2 Bxe2 12. Qxe2 a5 13. a4 Na6 14. Nc4 Qd8 15. Nb5
Nd7 16. Bd2 Nb4 17. Bc3 Ne5 18. f4 Nxc4 19. Qxc4 Bxc3 20. Qxc3 Qc8 21. Qc4 Qg4
22. Rae1 Rac8 23. b3 Rfd8 24. Re3 Qh4 25. f5 Qh6 26. Ref3 f6 27. Qe2 Kf7 28. Rh3
Qg7 29. fxg6+ hxg6 30. Qg4 Nc2 31. Qe6+ Kf8 32. Nxd6 Rxd6 33. Qxc8+ Kf7 34. e5
1-0

[Event "1st IBCA European Team Chess Championship"]
[Site "Warsaw"]
[Date "1899-12-30"]
[Round "3.10"]
[White "Grybas, Gintaras"]
[Black "Eichstaedt, Mirko"]
[Result "1-0"]
[WhiteTitle ""]
[BlackTitle ""]
[WhiteElo "2012"]
[BlackElo "2241"]

1. d4 d5 2. c4 c6 3. Nc3 Nf6 4. Nf3 dxc4 5. a4 Bf5 6. e3 e6 7. Bxc4 Bb4 8. O-O
O-O 9. Bd2 Nbd7 10. Ne4 Bxd2 11. Nxf6+ Qxf6 12. Qxd2 Be4 13. Qe2 Bxf3 14. Qxf3
Qxf3 15. gxf3 e5 16. dxe5 Nxe5 17. Be2 c5 18. Rfd1 Rfd8 19. f4 Nc6 20. Bf3 Na5
21. Rac1 c4 22. Rd5 Rxd5 23. Bxd5 Kf8 24. Rc3 Rc8 25. b4 Nb3 26. Rxc4 Rxc4 27.
Bxc4 Nd2 28. Bd5 b6 29. f3 Ke7 30. Kf2 Nb1 31. Ke1 f5 32. Bb3 Kd6 33. Kd1 Nc3+
34. Kd2 Nd5 35. Bxd5 Kxd5 36. Kd3 a5 37. e4+ Kd6 38. bxa5 bxa5 39. Kc4 Kc6 40.
e5 h5 41. h4 g6 42. Kd4 Kd7 43. Kd5 Ke7 44. e6 Ke8 45. Kd6 Kd8 46. e7+ Ke8 47.
Ke6 g5 48. hxg5 1-0

[Event "1st IBCA European Team Chess Championship"]
[Site "Warsaw"]
[Date "1899-12-30"]
[Round "3.11"]
[White "Mueller, Thorsten"]
[Black "Novikovas, Anatolijus"]
[Result "1-0"]
[WhiteTitle ""]
[BlackTitle ""]
[WhiteElo "2123"]
[BlackElo "1856"]

1. d4 Nf6 2. Nf3 e6 3. Bf4 Be7 4. e3 b6 5. Bd3 Bb7 6. h3 O-O 7. Nbd2 c5 8. c3 d6
9. O-O Nc6 10. Qb1 h6 11. Rd1 cxd4 12. exd4 d5 13. Re1 Rc8 14. Qd1 a6 15. a4 a5
16. Qe2 Nh5 17. Bh2 g6 18. Qe3 Kh7 19. g4 Nf6 20. Bf4 Ng8 21. g5 h5 22. Nh4 Bd6
23. Nxg6 fxg6 24. Qxe6 Rf6 25. gxf6 Bxf4 26. Qf7+ 1-0

[Event "1st IBCA European Team Chess Championship"]
[Site "Warsaw"]
[Date "1899-12-30"]
[Round "3.12"]
[White "Slusnys, Evaldas"]
[Black "Schulz, Gert"]
[Result "1/2-1/2"]
[WhiteTitle ""]
[BlackTitle ""]
[WhiteElo "1888"]
[BlackElo "1999"]

1. e4 c5 2. Nf3 Nc6 3. d4 cxd4 4. c3 d3 5. Bxd3 g6 6. c4 Bg7 7. Nc3 d6 8. Be3 Nf6
9. Qd2 Ng4 10. Bf4 Be6 11. O-O Nge5 12. Nxe5 Nxe5 13. Nd5 Bxd5 14. Bxe5 Bxe5 15.
cxd5 O-O 16. Rac1 Qd7 17. Rc4 Rfc8 18. Rfc1 Rxc4 19. Rxc4 Rc8 20. b3 Rxc4 21.
Bxc4 Qc7 22. Bd3 Qc3 23. Qxc3 Bxc3 24. Kf1 g5 25. Ke2 Kg7 26. g3 Kf6 27. f4 gxf4
28. gxf4 h6 29. Ke3 Bb2 30. Bb5 Bc1+ 31. Kf3 Bd2 32. Bd7 1/2-1/2

[Event "1st IBCA European Team Chess Championship"]
[Site "Warsaw"]
[Date "1899-12-30"]
[Round "3.13"]
[White "Pawelec, Bartosz"]
[Black "Palacios Perez, Manuel"]
[Result "1-0"]
[WhiteTitle ""]
[BlackTitle ""]
[WhiteElo "2116"]
[BlackElo "2163"]

1. e4 e6 2. d4 d5 3. e5 b6 4. Nf3 Qd7 5. Nbd2 Ne7 6. Bd3 Ba6 7. Qe2 Bxd3 8. Qxd3
c5 9. c4 cxd4 10. cxd5 Qxd5 11. Qxd4 Nbc6 12. Qxd5 Nxd5 13. Nb3 Ndb4 14. Ke2 Be7
15. Be3 O-O-O 16. Rhc1 Kb7 17. a3 Nd5 18. Rc4 Nxe3 19. Kxe3 Rd5 20. Rac1 Rc8 21.
Ke4 f5+ 22. exf6 gxf6 23. Nbd4 f5+ 24. Kf4 e5+ 25. Kxf5 Nxd4+ 26. Ke4 Rdc5 27.
Rxc5 bxc5 28. Nxe5 Bg5 29. Rd1 Rg8 30. Nd3 Nb3 31. f4 Re8+ 32. Ne5 Bf6 33. Rd7+
Kb6 34. Rd6+ Kb5 35. Rxf6 1-0

[Event "1st IBCA European Team Chess Championship"]
[Site "Warsaw"]
[Date "1899-12-30"]
[Round "3.14"]
[White "Fernandez Manrique, Agustin"]
[Black "Chojnowski, Marcin"]
[Result "1-0"]
[WhiteTitle ""]
[BlackTitle ""]
[WhiteElo "2147"]
[BlackElo "1983"]

1. c4 Nf6 2. Nc3 g6 3. e4 d6 4. d4 Bg7 5. Be2 O-O 6. Bg5 c5 7. d5 a6 8. a4 Qa5
9. Bd2 e6 10. Nf3 exd5 11. exd5 Bg4 12. O-O Qc7 13. h3 Bxf3 14. Bxf3 Nbd7 15.
Qc2 Rab8 16. Be2 Rfe8 17. f4 b5 18. cxb5 c4 19. Kh2 Qc5 20. Bf3 axb5 21. axb5
Nb6 22. Na4 Qxb5 23. Nxb6 Rxb6 24. Bc3 Qb3 25. Qf2 Ne4 26. Bxe4 Bxc3 27. bxc3
Rxe4 28. f5 g5 29. f6 h6 30. Qf5 Re8 31. Rab1 Qxc3 32. Rxb6 Qd4 33. Rb7 c3 34.
Rxf7 1-0

[Event "1st IBCA European Team Chess Championship"]
[Site "Warsaw"]
[Date "1899-12-30"]
[Round "3.15"]
[White "Barnowski, Sylwester"]
[Black "Clemente Llamero, Roberto"]
[Result "0-1"]
[WhiteTitle ""]
[BlackTitle ""]
[WhiteElo "1889"]
[BlackElo "2162"]

1. d4 d6 2. c4 e5 3. d5 f5 4. Nc3 Nf6 5. Bg5 Be7 6. Bxf6 Bxf6 7. e4 O-O 8. Bd3
f4 9. Be2 c6 10. Bg4 Na6 11. Bxc8 Rxc8 12. Nf3 Kh8 13. h3 cxd5 14. cxd5 Qb6 15.
Qe2 Nc5 16. O-O a6 17. Rab1 Qa7 18. b4 Nd7 19. Rfc1 Rc7 20. Rc2 Rfc8 21. Rbc1
Bd8 22. a4 Qb6 23. Na2 a5 24. Rxc7 Rxc7 25. Rxc7 Qxc7 26. bxa5 Qxa5 27. Qc2 Nc5
28. Nc3 Qb4 29. Nd2 Ba5 30. Ndb1 Qc4 31. f3 h6 32. Qb2 Nb3 33. Qe2 Qd4+ 34. Kh2
Bxc3 35. Qb5 Be1 36. Qxb3 Bf2 37. h4 Bg3+ 38. Kh3 Qa7 39. Qb5 Qg1 40. Kg4 Qxg2
41. Qe8+ Kh7 42. h5 Bh4+ 43. Kf5 Qh3# 0-1

[Event "1st IBCA European Team Chess Championship"]
[Site "Warsaw"]
[Date "1899-12-30"]
[Round "3.16"]
[White "Saez Gabikagogeaskoa, Oscar"]
[Black "Zarow, Zdzislaw"]
[Result "0-1"]
[WhiteTitle ""]
[BlackTitle ""]
[WhiteElo "2042"]
[BlackElo "1849"]

1. e4 e5 2. Nf3 Nf6 3. Nxe5 d6 4. Nf3 Nxe4 5. Nc3 Nxc3 6. dxc3 Be7 7. Bf4 Nc6 8.
Qd2 O-O 9. O-O-O a6 10. h3 b5 11. Bd3 Be6 12. Kb1 Rb8 13. g4 Qc8 14. Qe2 Nd8 15.
Nd4 Re8 16. Nf5 Bf8 17. Be3 Nc6 18. f4 g6 19. Ng3 Bxa2+ 20. Kxa2 Qe6+ 21. Kb1
Qxe3 22. Qg2 Qb6 23. Ne4 Bg7 24. f5 Ne5 25. f6 Bf8 26. h4 b4 27. h5 bxc3 28. b3
d5 29. Nxc3 Nxd3 30. Rxd3 Qxf6 31. Nxd5 Qe5 32. hxg6 fxg6 33. Re3 Qd4 34. Rhe1
Rxe3 35. Rxe3 c6 0-1

[Event "1st IBCA European Team Chess Championship"]
[Site "Warsaw"]
[Date "1899-12-30"]
[Round "3.18"]
[White "Sojka, Bernard"]
[Black "Todorov, Aleksandar"]
[Result "0-1"]
[WhiteTitle ""]
[BlackTitle ""]
[WhiteElo "1755"]
[BlackElo "1951"]

1. e3 d5 2. c4 c6 3. cxd5 cxd5 4. d4 e6 5. Nf3 Nf6 6. Be2 Bd6 7. Nbd2 Nc6 8. a3
O-O 9. h4 e5 10. dxe5 Nxe5 11. Nxe5 Bxe5 12. Nf3 Bc7 13. b4 Be6 14. Bb2 Ne4 15.
Rc1 Rc8 16. Qd4 f6 17. Qd1 Qd6 18. Nd4 Bd7 19. Bf3 Rfe8 20. Ne2 a5 21. Bxe4 dxe4
22. Qxd6 Bxd6 23. bxa5 Bb5 24. Nd4 Bd3 25. Kd2 Ra8 26. Nb3 Bb5 27. Ra1 Red8 28.
Nd4 Bc7 29. Bc3 Bxa5 30. Bxa5 Rxa5 31. Rhb1 Ba6 32. Rb4 g5 33. hxg5 Rxg5 34. g3
Rf5 35. Ke1 Rh5 36. Rab1 Rdd5 37. a4 Rh1+ 38. Kd2 Rh2 39. Ke1 Ra5 40. R1b2 Rh1+
41. Kd2 Rc5 42. Nb5 f5 43. Rd4 Kg7 44. g4 Kf6 45. gxf5 Rxf5 46. Kc3 Rf1 47. Nd6
Rc5+ 48. Kb4 Rc6 49. Nxe4+ Ke5 50. f4+ Ke6 51. Nd2 Rfc1 52. Nb3 R1c4+ 53. Rxc4
Rxc4+ 54. Ka5 Kd5 55. Rh2 Rc3 56. Rh5+ Kd6 57. Nd4 Rc5+ 58. Rxc5 Kxc5 59. f5 Bd3
60. Ne6+ Kd6 61. Kb6 Bxf5 62. Nf4 Be4 63. a5 h6 64. Nh5 Bf3 65. Nf4 h5 66. Ng6
Be4 67. Nf4 h4 68. a6 bxa6 69. Kxa6 Ke5 70. Kb5 Bf5 71. Kc5 Ke4 72. Kd6 Bg4 73.
Kc5 Bf3 74. Kc4 Kxe3 75. Nh3 Bg2 76. Ng5 Kf4 77. Ne6+ Kg4 78. Nd4 h3 0-1